005620000a2200193000450024500700000065000310007065000160010165000230011765000130014065000320015365100220018565100220020765300260022965300260025504100130028170000210029410000210031577300320033610aPark size and the conservation of forest mammals in Latin America14aUnidades de conservación14aMamíferos14aBosques tropicales14aDensidad14aRequerimientos ecológicos 4pAmérica del Sur 4pAmérica Central gFeliseFelis concolor gPanteraePantera onca0 aInglés1 aRobinson, Harold1 aRedford, Kent H.1 tPreprint33q227-235d1990?